Κυβερνητική λογιστική : διεθνείς τάσεις και ελληνική πραγματικότητα

Αποθηκεύτηκε σε:
Λεπτομέρειες βιβλιογραφικής εγγραφής
Κύριος συγγραφέας: Μαγγίνα, Αναστασία Γ.
Μορφή: Βιβλίο
Γλώσσα:Greek
Δημοσίευση: Αθήνα, Κομοτηνή : Αντ.Ν. Σάκκουλας, 1995
Θέματα:
Ετικέτες: Προσθήκη ετικέτας
Δεν υπάρχουν, Καταχωρήστε ετικέτα πρώτοι!

MARC

LEADER 00000nam a2200000 i 4500
001 1/50791
008 970117s1995 gre d
020 |a 960-232-225-X 
035 |l 10027063 
040 |a GR-MY-UA  |b gre  |e aacr 
041 0 |a gre 
082 0 |a 657.835 
100 1 |a Μαγγίνα, Αναστασία Γ. 
245 1 0 |a Κυβερνητική λογιστική :  |b διεθνείς τάσεις και ελληνική πραγματικότητα /  |c Α.Γ.Μαγγίνα 
260 |a Αθήνα, Κομοτηνή :   |b Αντ.Ν. Σάκκουλας,   |c 1995 
300 |a 182 σ. 
500 |a Περιέχει βιβλιογραφία 
650 0 0 |a Finance, Public  |x Accounting. 
852 |a INST  |b CHIOS  |e 19970117  |h 657.835 ΜΑΓ  |p 005200010856  |q 005200010856  |t BK  |y 0 
909 |a Χ  |b 049182